Rann of Kutch Skirmishes (March - April 1965) / (Record no. 593199)
[ view plain ]
| 000 -LEADER | |
|---|---|
| fixed length control field | 00744nam a22001457a 4500 |
| 003 - CONTROL NUMBER IDENTIFIER | |
| control field | NUST |
| 005 - DATE AND TIME OF LATEST TRANSACTION | |
| control field | 20230210100226.0 |
| 008 - FIXED-LENGTH DATA ELEMENTS--GENERAL INFORMATION | |
| fixed length control field | 230210b ||||| |||| 00| 0 eng d |
| 082 ## - DEWEY DECIMAL CLASSIFICATION NUMBER | |
| Classification number | 954.0445,AZF |
| 245 ## - TITLE STATEMENT | |
| Title | Rann of Kutch Skirmishes (March - April 1965) / |
| Statement of responsibility, etc. | Lt Col. Azfar Mehmood Azhar (R) |
| 260 ## - PUBLICATION, DISTRIBUTION, ETC. | |
| Place of publication, distribution, etc. | Pakistan, |
| Name of publisher, distributor, etc. | 4 Punjab Regiment |
| 300 ## - PHYSICAL DESCRIPTION | |
| Extent | ix, 149p. |
| 505 ## - FORMATTED CONTENTS NOTE | |
| Formatted contents note | Introduction (Page-vii), The Rann of kutch dispute (Page-1), Operation 'Desert Hawk' - Attack on sardar post (Page-47), Sequel to sardar post action (Page-81), The battles of the bhets (1) (Page-93), The battles of bhets (2) (Page-119), Dep facto cease fire and analysis of operations in the Rann (Page-139), Bibliography (Page-149). |
| 942 ## - ADDED ENTRY ELEMENTS (KOHA) | |
| Source of classification or shelving scheme | |
| Koha item type | Book |
| Call number prefix | 954.0445,AZF |
| Withdrawn status | Lost status | Source of classification or shelving scheme | Damaged status | Not for loan | Permanent Location | Current Location | Shelving location | Date acquired | Total Checkouts | Full call number | Barcode | Date last seen | Price effective from | Koha item type | Public note |
|---|---|---|---|---|---|---|---|---|---|---|---|---|---|---|---|
| Military College of Signals (MCS) | Military College of Signals (MCS) | General Stacks | 02/10/2023 | 954.0445,AZF | MCS38487 | 02/10/2023 | 02/10/2023 | Book | Almirah No. 61, Shelf No. 5 |
